000 01129nam a22003137a 4500
003 CHAP
005 20220329134910.0
008 971013s1954 r 00010 d
010 _a27746
011 _a28718
035 _a32825
040 _cCHAP
082 _a630.72
_bC43i
110 _aINIA. México. Campo Agrícola Experimental Santa Elena
_958514
245 _aInforme de labores 1954-
260 _aToluca, Méx. :
_bEl Instituto,
_c1954-
500 _aLa biblioteca tiene: 1958-1963, 1952-54
590 _aBATCH-UPD
_b10
_c20130110
_lUCH01
_h2038
590 _aBATCH-UPD
_b10
_c20130410
_lUCH01
_h1353
590 _aBATCH-UPD
_b10
_c20130914
_lUCH01
_h2127
590 _aCONVERSION
_b10
_c20130109
_lUCH01
_h1316
650 1 4 _aAgricultura
_xInvestigacion
_zMexico (Edo.).
_91707
650 1 4 _aAvicultura
_xInvestigación.
_98734
901 _aBK
942 _cLIBRO
949 _a630.72 C43i
_bBC
_cLIBRO
_d-76482
_eLIBRO
_f1958-63 c.2
_h33689
_i32825
_si
949 _a630.72 C43i
_bBC
_cLIBRO
_d33724000036786
_eLIBRO
_f1958-63
_h33688
_i32825
_si
949 _a630.72 C43i
_bBC
_cLIBRO
_d33724000036794
_eLIBRO
_f1952-54
_h45448
_i32825
_si
999 _c27746
_d27746